000
00336nam a22001457a 4500
008
221013b ||||| |||| 00| 0 eng d
020
_a
0892031158
041
_a
eng
080
_2
VOLUME 44
_a
610.73
082
_a
610.73 JAC
100
_a
9
101
_a
INF
245
_a
INSTRUCTIONAL COURSE LECTURES
_c
JACKSON D
942
_2
udc
_c
BK
999
_c
58541
_d
58541